Síntesis de la sensacional y auténtica vida ejemplar de Carolina Pacharó (Record no. 138534)

MARC details
000 -LEADER
campo de control de longitud fija 00866nam a2200193 i 4500
001 - NÚMERO DE CONTROL
campo de control 138534
003 - IDENTIFICADOR DE NÚMERO DE CONTROL
campo de control ES-MaACL
005 - FECHA Y HORA DE LA ÚLTIMA TRANSACCIÓN
campo de control 20240516220131.0
007 - CAMPO FIJO DE DESCRIPCIÓN FÍSICA--INFORMACIÓN GENERAL
campo de control de longitud fija t|
008 - DATOS DE LONGITUD FIJA--INFORMACIÓN GENERAL
campo de control de longitud fija 070214s1973 sp r ||||1| spa d
100 1# - ENTRADA PRINCIPAL--NOMBRE DE PERSONA
Nombre de persona Sans Falguera, Pedro.
9 (RLIN) 103205
245 10 - MENCIÓN DEL TÍTULO
Título Síntesis de la sensacional y auténtica vida ejemplar de Carolina Pacharó
Resto del título : contiene además las memorias del autor y también del mismo autor las adaptaciones en teatro y en cine de la soberana obra de Cervantes El ingenioso hidalgo Don Quijote de la Mancha /
Mención de responsabilidad, etc. Pedro Sans Falguera.
260 ## - PUBLICACIÓN, DISTRIBUCIÓN, ETC.
Lugar de publicación, distribución, etc. Barcelona :
Nombre del editor, distribuidor, etc. Miguel Arimany,
Fecha de publicación, distribución, etc. 1973.
300 ## - DESCRIPCIÓN FÍSICA
Extensión 228 p. ;
Dimensiones 23 cm.
600 14 - PUNTO DE ACCESO ADICIONAL DE MATERIA--NOMBRE DE PERSONA
Nombre de persona Pacharó, Carolina.
9 (RLIN) 158874
600 14 - PUNTO DE ACCESO ADICIONAL DE MATERIA--NOMBRE DE PERSONA
Nombre de persona Cervantes Saavedra, Miguel de,
Fechas asociadas al nombre 1547-1616.
Título de la obra Don Quijote de la Mancha-
Subdivisión general Adaptaciones cinematográficas
9 (RLIN) 37613
852 ## - LOCALIZACIÓN
Ubicación ES-MaACL
Número de control de estantería C-53850
Holdings
Estatus retirado Estado de pérdida Estado de daño No para préstamo Biblioteca de origen Biblioteca actual Ubicación en estantería Fecha de adquisición Fuente de adquisición Total de préstamos Signatura topográfica completa Código de barras Visto por última vez Precio de reemplazo Tipo de ítem Koha
        Biblioteca del Ateneo de Madrid Biblioteca del Ateneo de Madrid Depósito 2 17/01/2008     C-53850 1144154 23/02/2023 23/02/2023 Libro impreso